Muslihat Petugas Bijak

Bibliographic Details
Main Author: Syed Mahadzir
Format: Book
Published: Selangor : Cooray's House Of Publication Sdn Bhd , (s.n)
Series:Siri Hentikan Buli

MARC

LEADER 00000cam a2200000 7i4500
001 0000051792
005 20150909.0
008 150909
020 |a 9832852811(set) 
020 |a 9833704115 
090 0 0 |a MOR   |b MAL 
100 0 |a Syed Mahadzir 
245 1 0 |a Muslihat Petugas Bijak   |c Syed Mahadzir 
260 |a Selangor :   |b Cooray's House Of Publication Sdn Bhd ,   |c (s.n) 
490 0 |a Siri Hentikan Buli 
999 |a 0001042841   |b Book   |c Children Collection   |e Cawangan Tmn. Ungku Tun Aminah 
999 |a 0001042842   |b Book   |c Children Collection   |e Cawangan Tmn. Ungku Tun Aminah 
999 |a 0001049935   |b Book   |c Children Collection   |e Cawangan Taman Universiti 
999 |a 0001049937   |b Book   |c Children Collection   |e Cawangan Mersing 
999 |a 0001052122   |b Book   |c Children Collection   |e Cawangan Kota Tinggi 
999 |a 0001052842   |b Book   |c Children Collection   |e Cawangan Pontian 
999 |a 0001052843   |b Book   |c Teenagers   |e Cawangan Bandar Tenggara 
999 |a 0001055316   |b Book   |c Children Collection   |e Cawangan Tangkak 
999 |a 0001075546   |b Book   |c Children Collection   |e Cawangan Tmn. Ungku Tun Aminah 
999 |a 0001075626   |b Book   |c Children Collection   |e Cawangan Taman Sri Lambak 
999 |a 0001075639   |b Book   |c Children Collection   |e Cawangan Tmn. Ungku Tun Aminah 
999 |a 0001130575   |b Book   |c Children Collection   |e Cawangan Segamat 
999 |a 0001130583   |b Book   |c Teenagers   |e Cawangan Bandar Tenggara 
999 |a 0001130595   |b Book   |c Children Collection   |e Cawangan Pontian 
999 |a 0001133972   |b Book   |c Children Collection   |e Cawangan Bandar Penawar 
999 |a 0001138620   |b Book   |c Children Collection   |e Cawangan Tmn. Ungku Tun Aminah 
999 |a 0001138785   |b Book   |c Children Collection   |e Cawangan Segamat